People of the stone age : hunter-gatherers and early farmers

Αποθηκεύτηκε σε:
Λεπτομέρειες βιβλιογραφικής εγγραφής
Άλλοι συγγραφείς: Burenhult, Goran (Επιμελητής έκδοσης)
Μορφή: Βιβλίο
Γλώσσα:English
Δημοσίευση: New York : Harper, 1993
Σειρά:Illustrated history of humankind ; ; 2
Θέματα:
Ετικέτες: Προσθήκη ετικέτας
Δεν υπάρχουν, Καταχωρήστε ετικέτα πρώτοι!

MARC

LEADER 00000nam a2200000 i 4500
001 1/3489
008 960326s1993 eng d
020 |a 0-06-250264-6 
035 |l 10015236 
040 |a GR-MY-UA  |b gre  |e aacr 
041 0 |a eng 
082 0 |a 930.12 
245 1 0 |a People of the stone age :  |b hunter-gatherers and early farmers /  |c Edited by Goran Burenhult ; Foreword by Lord Colin Renfrew 
260 |a New York :   |b Harper,   |c 1993 
300 |a 240 p.  |b ill. 
490 1 |a Illustrated history of humankind  |v ; 2 
504 |a Includes index 
650 0 0 |a Stone age. 
650 0 0 |a Agriculture, Prehistoric. 
700 1 |a Burenhult, Goran.  |4 edt 
830 0 |a Illustrated history of humankind ;  |v ; 2 
852 |a INST  |b LESVOS  |e 19960326  |h 930.12 PEO  |p 005100006765  |q 005100006765  |t BK  |y 0 
909 |a Λ  |b 044602